00651nam a2200241 a 4500001001300000003000900013005001700022008004100039020001000080082001600090100001700106245001800123260002800141300000800169500003500177505001000212650002400222700001700246902000800263942000700271952011600278999001500394nice12345678IN_TiNIC20260116012156.0050524s0000 hyda grp 000 0 eng  ac10000a248.32bSIN aSingh, Bakht aMuch Business aHyderabadbHebronc0000 a13p aincludes index and biblioraphy2 aIndex aPrayer-Christianity1 aSingh, Bakht bSRS cBK 001040708StackRoom-aHMIbHMId2007-07-06g100.00l0o248.32 SINp06133r2007-07-06v100.00w2005-05-24yBK c5944d5944